The shy little kitten; (Record no. 1159)

MARC details
000 -LEADER
fixed length control field 01090cam a22002651 4500
005 - DATE AND TIME OF LATEST TRANSACTION
control field 20230825153804.0
020 ## - INTERNATIONAL STANDARD BOOK NUMBER
International Standard Book Number 033500713002
040 ## - CATALOGING SOURCE
Original cataloging agency DLC
Transcribing agency NmLcU
Modifying agency DLC
Language of cataloging eng
050 00 - LIBRARY OF CONGRESS CALL NUMBER
Classification number PZ10.3.S3
Item number Sh
082 ## - DEWEY DECIMAL CLASSIFICATION NUMBER
Classification number Fic
100 1# - MAIN ENTRY--PERSONAL NAME
Personal name Schurr, Cathleen.
245 14 - TITLE STATEMENT
Title The shy little kitten;
Statement of responsibility, etc. pictures by Gustaf Tenggren, story by Cathleen Schurr.
260 ## - PUBLICATION, DISTRIBUTION, ETC.
Place of publication, distribution, etc. New York,
Name of publisher, distributor, etc. Western Publishing Company , Inc.,
Date of publication, distribution, etc. 1946.
300 ## - PHYSICAL DESCRIPTION
Extent 23 unnumbered pages:
Other physical details Colors, Illustrations.
Dimensions 21 cm
490 0# - SERIES STATEMENT
Series statement The Little golden book
505 ## - FORMATTED CONTENTS NOTE
Formatted contents note F <br/>
520 ## - SUMMARY, ETC.
Summary, etc. One beautiful day, a shy little kitten embarks on a journey filled with adventure! In the course of her wanderings, she meets an interesting and often amusing collection of fellow creatures. The Shy Little Kitten, with illustrations by the renowned Gustaf Tenggren.<br/>
521 ## - TARGET AUDIENCE NOTE
Target audience note 300 <br/>
Source Lexile <br/>
521 ## - TARGET AUDIENCE NOTE
Target audience note F <br/>
Source Raz-Plus <br/>
700 1# - ADDED ENTRY--PERSONAL NAME
Personal name Tenggren, Gustaf,
Dates associated with a name 1896-1970,
Relator term illustrator.
906 ## - LOCAL DATA ELEMENT F, LDF (RLIN)
a 7
b cbc
c oclcrpl
d u
e ncip
f 19
g y-gencatlg
942 ## - ADDED ENTRY ELEMENTS (KOHA)
Source of classification or shelving scheme Dewey Decimal Classification
Koha item type Books
Suppress in OPAC No
999 ## -
-- 1159
-- 1159
Holdings
Withdrawn status Lost status Source of classification or shelving scheme Damaged status Not for loan Collection Home library Current library Shelving location Date acquired Total Checkouts Full call number Barcode Date last seen Date last checked out Price effective from Koha item type
    Dewey Decimal Classification     Juvenile Fiction Footprints International School Library Network Toul Kork Campus Footprints International School Library Network Toul Kork Campus   08/04/2023 3 SCH Fic PZ10.S3 FISBK00202 03/11/2024 02/26/2024 08/04/2023 Books